Mathematics Q & A for class 10 / (Record no. 125524)

MARC details
000 -LEADER
fixed length control field 00715nam a22002417a 4500
003 - CONTROL NUMBER IDENTIFIER
control field dpl
005 - DATE AND TIME OF LATEST TRANSACTION
control field 20181218162351.0
008 - FIXED-LENGTH DATA ELEMENTS--GENERAL INFORMATION
fixed length control field 181218b ||||| |||| 00| 0 eng d
010 ## - LIBRARY OF CONGRESS CONTROL NUMBER
LC control number B-026847
020 ## - INTERNATIONAL STANDARD BOOK NUMBER
Terms of availability 00.00
035 ## - SYSTEM CONTROL NUMBER
System control number B-026847, B-026875
037 ## - SOURCE OF ACQUISITION
Source of stock number/acquisition Cen Lib/Ret
040 ## - CATALOGING SOURCE
Original cataloging agency DPL
Language of cataloging EN
Transcribing agency 0
082 ## - DEWEY DECIMAL CLASSIFICATION NUMBER
Classification number 510
Item number SIN
100 ## - MAIN ENTRY--PERSONAL NAME
Personal name Singhal, P.K.
9 (RLIN) 14644
245 ## - TITLE STATEMENT
Title Mathematics Q & A for class 10 /
Statement of responsibility, etc by P.K. Singhal
260 ## - PUBLICATION, DISTRIBUTION, ETC. (IMPRINT)
Place of publication, distribution, etc New Delhi
Name of publisher, distributor, etc Bharati Bhawan
Date of publication, distribution, etc 2000
270 ## - ADDRESS
City New Delhi
Address 4271/3, ansari road, dariya ganj
Postal code 110002
300 ## - PHYSICAL DESCRIPTION
Extent various pagings
Dimensions 21cm(Hb)
650 ## - SUBJECT ADDED ENTRY--TOPICAL TERM
Topical term or geographic name as entry element Mathematics
9 (RLIN) 8937
650 ## - SUBJECT ADDED ENTRY--TOPICAL TERM
Topical term or geographic name as entry element Linear equations
9 (RLIN) 14645
942 ## - ADDED ENTRY ELEMENTS (KOHA)
Source of classification or shelving scheme Dewey Decimal Classification
Koha item type English Books
Classification part 510
Call number suffix SIN
Holdings
Withdrawn status Lost status Damaged status Not for loan Home library Current library Date acquired Source of acquisition Cost, normal purchase price Total Checkouts Total Renewals Full call number Barcode Date last seen Date checked out Copy number Cost, replacement price Price effective from Koha item type Source of classification or shelving scheme Collection code
        Central Library Central Library 22/06/2015 Cen Lib/Ret 0.00 1 1 510 SIN B-026847 07/07/2018 11/06/2018 1 0.00 22/06/2015 English Books    
        Vigyan Vihar Vigyan Vihar 18/12/2018 BPPD/PUB 135.00     510 SIN B-026875 18/12/2018     135.00 18/12/2018 English Books Dewey Decimal Classification Non-fiction

© Delhi Public Library
Hit Counter
free hit counter